'K' TV Shows by Picture Quiz Stats

Quiz Updated Dec 6, 2013

Challenge
Share
Tweet
Score 0/16 Timer 05:00
0 Plays Today
Location Show % Correct
King of the Hill
90.6%
The King of Queens
84.7%
Keeping up with the Kardashians
77.4%
Knight Rider
77.2%
Kim Possible
69.1%
Kids Say the Darndest Things
61%
Kenan and Kel
59.3%
Kojak
53.2%
Location Show % Correct
Kathy Griffin: My Life on the D List
40.2%
Kung Fu
37.9%
Knots Landing
37.4%
Kate and Allie
30.4%
Kyle XY
30.3%
Keeping Up Appearances
23.6%
The Kids in the Hall
22%
Kitchen Confidential
10.2%

You're not logged in!

Compare scores with friends on all Sporcle quizzes.
Sign Up with Email
OR
Log In

You Might Also Like...

Show Comments

Extras

Top Quizzes Today


Score Distribution

Your Account Isn't Verified!

In order to create a playlist on Sporcle, you need to verify the email address you used during registration. Go to your Sporcle Settings to finish the process.